Nové trendy v činnosti cestovných kancelárií a cestovných agentúr
Elektronické obchodovanie v cestovnom ruchu. Automatický predaj (on-line) zájazdov a poloautomatický predaj. Činnosť virtuálneho touroperátora. Nulová tarifa a palivový príplatok k cene leteniek. Nákupné správanie klientov. Ponuka štartovacích zliav a predaj "last minute".
Saved in:
| Main Author: | |
|---|---|
| Format: | Book Chapter |
| Language: | Slovak |
| Subjects: | |
| Tags: |
No Tags, Be the first to tag this record!
|
MARC
| LEADER | 00000naa$a2200000$$$4500 | ||
|---|---|---|---|
| 001 | 0040949 | ||
| 005 | 20231016072501.8 | ||
| 041 | 0 | |a slo | |
| 044 | |a SK | ||
| 245 | 1 | 0 | |a Nové trendy v činnosti cestovných kancelárií a cestovných agentúr |c Tibor Bajaník |
| 520 | |a Elektronické obchodovanie v cestovnom ruchu. Automatický predaj (on-line) zájazdov a poloautomatický predaj. Činnosť virtuálneho touroperátora. Nulová tarifa a palivový príplatok k cene leteniek. Nákupné správanie klientov. Ponuka štartovacích zliav a predaj "last minute". | ||
| 610 | 2 | 0 | |a ruch cestovný |
| 610 | 2 | 0 | |a kancelárie cestovné |
| 610 | 2 | 0 | |a agentúry |
| 610 | 2 | 0 | |a dovolenka |
| 610 | 2 | 0 | |a ponuka |
| 610 | 2 | 0 | |a predaj |
| 610 | 2 | 0 | |a ceny |
| 610 | 2 | 0 | |a provízie |
| 610 | 2 | 0 | |a obchod elektronický |
| 610 | 2 | 0 | |a internet |
| 610 | 2 | 0 | |a klienti |
| 100 | 1 | |a Bajaník, Tibor | |